000 00516nam a2200181 4500
003 SEACOMMC
005 20250430151223.0
008 250116b |||||||| |||| 00| 0 eng d
020 _a1-845-4100-09
_cRs.395.00
040 _aSEACOMMC
082 _a338.47
_bH 174
100 _a Hall, C. Michael
245 1 _aNature-based Tourism in Peripheral Areas /
_cedited by C. Michael Hall and Stephen Boyd.
260 _a Kolkata
_b Viva-Books
_c2006
440 _aAspect Tourism,21
650 _aEcotourism
942 _cBOOK
999 _c1011
_d1011